000 00649nam a2200229Ia 4500
001 2195
005 20240113233532.0
007 ta
008 050221s1914 a g b000 u eng u
040 _aRef. stack
041 _aeng
082 _a352.9541
_bAs 72 r
110 _aGovernment of Assam .
245 0 _aResolution on the working of local boards in Assam during the year 1913 - 14 /
_cGovernment of Assam.
_hReports
250 _a1st ed /
260 _aShillong :
_bAssam Secretariat ,
_c1914.
300 _a14p. :
_bill ;
_c32cm .
653 _aReport - locals boards - Assam
942 _2ddc
_cBK
999 _c2188
_d2188